000 00728nam a22002297a 4500
999 _c216384
_d216384
005 20260302115151.0
008 260302b ||||| |||| 00| 0 eng d
020 _a9787513514903
040 _aLC
_cUNZA
_dRDA
_eRDA
050 _aB 5231
_bSHI 2012
100 _aShih, Hu
_d1891 - 1962
245 _aEnglish writings of Hu Shih 2:
_bChinese Philosophy and intellectual History/
_cHu Shih, edited by Chih-ping Chou
250 _aFirst Edition
260 _aBeijing:
_bForeign Language Teaching and Research Press,
_c2012.
300 _a488 pages
336 _aText
337 _aUnmediated
338 _aEdition
650 _aPhilosophy, Chinese
650 _aChina --
_xIntellectual life --
_y20th Century
942 _cBOOK